000 00510nam a2200169Ia 4500
008 090201s9999 xx 000 0 und d
010 _aKPL-27131
040 _bमराठी
041 _aमराठी
082 _a27342
_b27131
100 _aसेवक सेवानंद
245 _aआमचे सेनापति
_cसेवक सेवानंद
260 _c2004
_bअ.ब.क.
300 _a255
_bमोठा
600 _aआमचे सेनापति
942 _cBOOK
999 _c226264
_d226264